000 00951cam a2200193 4500
001 WB3805-12
008 020207n2002 000 0 eng u
035 _a(Sirsi) u116637
245 _aContaminated land accreditation scheme
260 _c2002
490 _aENDS Report
_v(324) January 2002, 10(1)
520 _aThe first 12 contaminated land experts passed through the new Specialists in Land Condition (SILC) accreditation scheme in 2001. The new 'log book' approach to brownfield site clean-ups may take some years before it can be assessed, however. The standard land condition record (LCR) aimed to build investor confidence in brownfield redevelopment by sharing the available information in a standard format. More information available on http://www.silc.org.uk
590 _aWB
650 _aBROWNFIELD LAND
650 _aCONTAMINATED LAND
650 _aLAND CONDITION RECORDS
690 _aENVIRONMENT-CONTAMINATION
942 _n0
999 _c69456
_d69456